000 00386nam a22001457a 4500
008 250710b |||||||| |||| 00| 0 eng d
020 _a9780932081258
050 _aBV220
_b.R53
100 _aRichard Clift
245 _aPrayers that Prevails: How To get immediate results
260 _aCalifornia
_bVictory House Inc
_c1990
300 _aViii, 272p.
650 _aPrayer
942 _cBK
999 _c4263
_d4263